000 00343nam a22001457a 4500
008 250422b ||||| |||| 00| 0 eng d
020 _a76139572
041 _aeng
080 _21971
_a101WES
082 _2101WES
_a101WES
100 _a42
101 _aFILOZOFI
245 _aFORCE IN NEWTON S PHYSICS
_cRICHARD S.WESTFALL
942 _2udc
_cBK
999 _c60686
_d60686